| 000 | 00703nam a22001817a 4500 | ||
|---|---|---|---|
| 999 |
_c175709 _d175709 |
||
| 005 | 20200921144420.0 | ||
| 010 | _aENG-128445 | ||
| 020 |
_c200.00 _a9789389733068 |
||
| 035 | _aEN-111977 | ||
| 037 | _bDBAD/PUB | ||
| 082 | _a881.08 | ||
| 100 | _aMona, Elizabeth Kurian | ||
| 245 |
_aThe Art and Science of Ghazal: _bA Readers' Guide to Urdu Ghazal Appreciation, Sancsion and Prosody/ _cby Elizabeth Kurian 'Mona' |
||
| 260 |
_aNew Delhi _bEducational Publishing House _c2019 |
||
| 270 |
_aH.O, D1/16 Ansari Road, Darya Ganj, _bNew Delhi _e110002 _k45678285, 23214465, 23216162 _mephindia@gmail.com, info@ephbooks.com |
||
| 300 |
_a132p. _c22cm(pbk) |
||
| 942 |
_2ddc _cEN _h881.08 _mMON |
||